| 000 | 00722nam a2200253Ia 4500 | ||
|---|---|---|---|
| 003 | OSt | ||
| 005 | 20220928113934.0 | ||
| 006 | a|||||r|||| 00| 0 | ||
| 007 | ta | ||
| 008 | 220927b |||||||| |||| 00| 0 eng d | ||
| 020 | _c195 | ||
| 024 | _a117477 | ||
| 037 |
_b219, 19/10/2012, Classic Book Service _cTextual |
||
| 040 |
_aSDCL _cSDCL _beng |
||
| 041 |
_2eng _aeng |
||
| 082 | _aDelta:3, N5 | ||
| 100 |
_aDiemer Deedre _9435970 |
||
| 245 | 0 | _aABC'S of chakra therapy. | |
| 260 |
_aDelhi _bMotilal Banarasi Dass _c1995 |
||
| 300 |
_aviii,174p _ccm. |
||
| 650 | _aReference | ||
| 942 |
_hDelta:3, N5 _cTEXL _2CC |
||
| 999 |
_c752102 _d752102 |
||